Fundamentals of entrepreneurship / (Record no. 145099)

MARC details
000 -LEADER
fixed length control field 00504nam a22001697a 4500
010 ## - LCCN (DPL NO)
LC control number ENG-120435
020 ## - INTERNATIONAL STANDARD BOOK NUMBER
Terms of availability 290.00
International Standard Book Number 9788122507874
035 ## - SYSTEM CONTROL NUMBER
System control number EN-103967
037 ## - SOURCE OF ACQUISITION
Source of stock number/acquisition DBAD/PUB
082 ## - DEWEY DECIMAL CLASSIFICATION NUMBER
Classification number 338.04
100 ## - MAIN ENTRY--PERSONAL NAME
Personal name Shukla, Mata Badal
245 ## - TITLE STATEMENT
Title Fundamentals of entrepreneurship /
Statement of responsibility, etc by Mata Badal Shukla
260 ## - PUBLICATION, DISTRIBUTION, ETC. (IMPRINT)
Place of publication, distribution, etc Allahabad
Name of publisher, distributor, etc Kitab Mahal
Date of publication, distribution, etc 2016
270 ## - ADDRESS
Address 22-A,Sarojini Naidu Marg
City Allahabad
Postal code 211001
300 ## - PHYSICAL DESCRIPTION
Extent xii,508p.
Dimensions 24cm(pbk)
942 ## - ADDED ENTRY ELEMENTS (KOHA)
Source of classification or shelving scheme Dewey Decimal Classification
Item type English Books
Classification part 338.04
Call number suffix SHU
Holdings
Withdrawn status Lost status Not for loan Collection code Home library Current library Date acquired Source of acquisition Cost, normal purchase price Full call number Barcode Copy number Cost, replacement price Koha item type
    Not For Loan Non-fiction D.B.Act.Division Bawana 20/09/2017 DBAD/PUB 290.00 338.04 SHU EN-103967 1 290.00 English Books

© Delhi Public Library
Hit Counter
free hit counter